| 000 | 01164nam a22003737a 4500 | ||
|---|---|---|---|
| 001 | 0026260 | ||
| 003 | KOHA_MİRAKIL | ||
| 005 | 20260207002522.0 | ||
| 007 | ta | ||
| 008 | 101213b2010 tu |||gr||||#0|||0|tur | | ||
| 020 |
_a9750205392 _cYTL21,19 |
||
| 040 |
_aTR-BiSEU _btur _cTR-BiSEU _erda |
||
| 041 | 0 | _atur | |
| 044 | _ctu | ||
| 050 |
_aTK5105.8885 _b.T86 2010 |
||
| 100 | 1 | _aTuna, Haydar. | |
| 245 | 1 |
_aPHP ve AJAX/ _cHaydar Tuna ; Haydar Tuna. |
|
| 264 | 1 |
_aAnkara : _bSeçkin _c2010 |
|
| 300 | _a392 sayfa: resimli | ||
| 336 |
_ametin _btxt _2rdacontent |
||
| 337 |
_aaracısız _bn _2rdamedia |
||
| 338 |
_acilt _bnc _2rdacarrier |
||
| 490 | 1 |
_aSeçkin yayıncılık bilgisayar kitapları dizisi ; _v112 |
|
| 500 | _aDizin var. | ||
| 650 | 0 |
_aWeb sites--Tasarım. _91523 |
|
| 650 | 0 |
_aWeb sitesi geliştirme. _91524 |
|
| 650 | 0 |
_aWeb siteleri--Yazılım programları. _91525 |
|
| 650 | 0 |
_aWeb sites--Design. _91526 |
|
| 650 | 0 |
_aWeb sites development. _91527 |
|
| 650 | 0 |
_aWeb sites--Authoring programs. _91528 |
|
| 830 | 1 |
_aSeçkin yayıncılık bilgisayar kitapları dizisi ; _v112 _94291 |
|
| 907 | _aBilgisayar | ||
| 942 |
_2lcc _cBK |
||
| 999 |
_c26205 _d26205 |
||